The Weeknd Discography - Statistics

General Stats
  • This quiz has been taken 18 times
  • The average score is 60 of 78
Answer Stats
Hint Answer % Correct
Starboy Starboy
100%
Beauty Behind The Madness The Hills
100%
Trilogy Wicked Games
100%
My Dear Melancholy Call Out My Name
94%
Beauty Behind The Madness Can't Feel My Face
94%
Starboy Party Monster
94%
Trilogy House Of Balloons / Glass Table Girls
88%
Starboy I Feel It Coming
88%
Kiss Land Kiss Land
88%
Beauty Behind The Madness Often
88%
Starboy Reminder
88%
Starboy Sidewalks
88%
Starboy Stargirl
88%
Beauty Behind The Madness Acquainted
81%
Starboy All I Know
81%
Beauty Behind The Madness Angel
81%
Trilogy Coming Down
81%
Starboy Die For You
81%
Starboy False Alarm
81%
Trilogy High For This
81%
My Dear Melancholy I Was Never There
81%
Trilogy Loft Music
81%
Beauty Behind The Madness Losers
81%
Trilogy Montreal
81%
Beauty Behind The Madness Prisoner
81%
My Dear Melancholy Privilege
81%
Starboy Secrets
81%
Starboy Six Feet Under
81%
Trilogy The Knowing
81%
Trilogy The Morning
81%
Trilogy The Party & The After Party
81%
Trilogy Valerie
81%
Kiss Land Wanderlust
81%
Kiss Land Adaptation
75%
Kiss Land Belong To The World
75%
Beauty Behind The Madness Dark Times
75%
Beauty Behind The Madness Earned It
75%
Trilogy Echoes Of Silence
75%
Trilogy Gone
75%
My Dear Melancholy Hurt You
75%
Beauty Behind The Madness In The Night
75%
Trilogy Next
75%
Kiss Land Professional
75%
Beauty Behind The Madness Real Life
75%
Starboy Rockin'
75%
Beauty Behind The Madness Tell Your Friends
75%
Kiss Land The Town
75%
Trilogy Twenty Eight
75%
My Dear Melancholy Wasted Times
75%
Trilogy What You Need
75%
Starboy A Lonely Night
69%
Beauty Behind The Madness As You Are
69%
Starboy Attention
69%
Trilogy D.D.
69%
Trilogy Initiation
69%
Trilogy Life Of The Party
69%
Kiss Land Live For
69%
Kiss Land Love In The Sky
69%
Starboy Nothing Without You
69%
Starboy Ordinary Life
69%
Trilogy Outside
69%
Kiss Land Pretty
69%
Kiss Land Tears In The Rain
69%
Trilogy The Birds Pt. 1
69%
Trilogy The Birds Pt. 2
69%
Trilogy Thursday
69%
Starboy True Colors
69%
My Dear Melancholy Try Me
69%
Trilogy XO / The Host
69%
Trilogy Heaven Or Las Vegas
63%
Trilogy Lonely Star
63%
Starboy Love To Lay
63%
Trilogy Rolling Stone
63%
Trilogy Same Old Song
63%
Beauty Behind The Madness Shameless
63%
Trilogy The Fall
63%
Trilogy The Zone
63%
Trilogy Till Dawn (Here Comes The Sun)
63%
No matching quizzes found
Score Distribution
Percent of People with Each Score
Percentile by Number Answered
Your Score History
You have not taken this quiz